| 000 | 00652nam a2200217 a 4500 | ||
|---|---|---|---|
| 005 | 20260115063938.0 | ||
| 008 | 070326s2005 mx r 000 0 spa d | ||
| 020 | _a8430115765 | ||
| 035 | _aUPN01000149980 | ||
| 049 | _aCG | ||
| 050 | 4 |
_aB105 E4.6 _bA3.3 |
|
| 100 | 1 | _aAguirre Sala, Jorge Francisco | |
| 245 | 1 | 0 |
_aHermenéutica : _bética de la pasión / _cJorge Francisco Aguirre Sala. |
| 260 |
_aSalamanca, Esp. : _bSígueme : _bUniversidad de Monterrey, _c2005. |
||
| 300 | _a174 p. | ||
| 440 | 0 |
_aHermeneia ; _v66 |
|
| 650 | 4 |
_aEmociones (Filosofía) _97221 |
|
| 650 | 4 |
_aÉtica _912720 |
|
| 650 | 4 |
_aConducta de vida _94416 |
|
| 905 | _aLibro | ||
| 999 |
_c122121 _d122121 |
||